Polski produkt krajowy brutto.

Ukazovateľ národného bohatstva. Štatistické údaje podľa Svetovej banky. Porovnateľnosť údajov. Výsledky. Domáci produkt brutto v 35 krajinách sveta v r. 1975 a 1987 v bežných cenách a v priemerných oficiálnych bežných kurzoch. Poľsko bolo na 12. mieste v r. 1975 a na 25. mieste v r. 1987. ČSFR z 22....

Description complète

Enregistré dans:
Détails bibliographiques
Auteur principal: Jarosinski, W.
Format: Chapitre de livre
Langue:polonais
Sujets:
Tags: Ajouter un tag
Pas de tags, Soyez le premier à ajouter un tag!

MARC

LEADER 00000naa a2200000 4500
001 r003315
005 20220819194503.3
041 0 |a pol 
044 |a PL 
245 1 0 |a Polski produkt krajowy brutto.  |c W. Jarosinski 
520 |a Ukazovateľ národného bohatstva. Štatistické údaje podľa Svetovej banky. Porovnateľnosť údajov. Výsledky. Domáci produkt brutto v 35 krajinách sveta v r. 1975 a 1987 v bežných cenách a v priemerných oficiálnych bežných kurzoch. Poľsko bolo na 12. mieste v r. 1975 a na 25. mieste v r. 1987. ČSFR z 22. miesta kleslo na 38. 
610 2 0 |a produkt domáci hrubý 
610 2 0 |a PR 
610 2 0 |a porovnanie štatistické medzinárodné 
610 2 0 |a bohatstvo národné 
610 2 0 |a údaje štatistické 
610 2 0 |a 1975 
610 2 0 |a 1987 
100 1 |a Jarosinski, W.